00466cam a2200181 a 4500001000800000005001700008008004100025010001700066020001500083040001800098041000800116080001600124082002000140100000700160101000800167245007700175504003200252234929520180131073615.0830111s1983 nyua b 001 0 eng  a 83000371  a038790820X aDLCcDLCdDLC aeng a001.434 BRA00a001.434 BRA2191 a28 aSHK12aA guide to simulation /cPaul Bratley, Bennett L. Fox, Linus E. Schrage. aBibliography: p. [363]-374.